| 000 | 00926cam a2200289 a 4500 | ||
|---|---|---|---|
| 001 | 000006667 | ||
| 003 | DO-SdBNP | ||
| 005 | 20250529125500.0 | ||
| 008 | 760729s1980 cu 001 0 spa | ||
| 020 | _a9682300673 | ||
| 040 |
_aDO-SdBNP _bspa _cBNPHU |
||
| 082 |
_a970.00497 _bP893i, 1980 |
||
| 100 | 1 |
_aPozas, Ricardo. _918551 |
|
| 245 | 1 | 4 |
_aLos indios en las clases sociales de México / _cRicardo Pozas, Isabel H. de Pozas. |
| 250 | _a11a ed. | ||
| 260 |
_aLa Habana : _bSiglo Veintiuno, _c1980. |
||
| 300 |
_a181 p. ; _c18 cm. |
||
| 490 | 1 | _aAntropología | |
| 504 | _aIncluye referencias bibliográficas. | ||
| 650 | 4 |
_aIndígenas de México _xCondiciones sociales _918552 |
|
| 650 | 0 |
_aClases sociales _zMéxico _91062 |
|
| 651 | 4 |
_aMéxico _xCondiciones sociales _918553 |
|
| 700 | 1 |
_aPozas, Isabel H. de, _918555 |
|
| 830 | 0 |
_aAntropología _918556 |
|
| 910 | _aCatalogación derivada | ||
| 942 |
_2ddc _cLBS1 |
||
| 999 |
_c6456 _d6456 |
||